[Event "EYCC 2024 - G14"]
[Site "?"]
[Date "2024.08.31"]
[Round "9.2"]
[White "Nahapetyan, Ani"]
[Black "Huseynova, Lala"]
[Result "1/2-1/2"]
[BlackElo "1984"]
[WhiteElo "1637"]
[LiveChessVersion "1.4.8"]

1. e4 {[%clk 1:30:57]} c5 {[%clk 1:30:55]} 2. Nf3 {[%clk 1:31:23]} d6
{[%clk 1:31:23]} 3. d4 {[%clk 1:31:48]} cxd4 {[%clk 1:31:50]} 4. Nxd4
{[%clk 1:32:13]} Nf6 {[%clk 1:32:15]} 5. Nc3 {[%clk 1:32:13]} a6 {[%clk 1:32:37]}
6. Bd3 {[%clk 1:32:34]} e5 {[%clk 1:30:42]} 7. Nde2 {[%clk 1:32:56]} b5
{[%clk 1:26:01]} 8. a3 {[%clk 1:28:26]} Be7 {[%clk 1:21:59]} 9. Ng3
{[%clk 1:27:05]} Be6 {[%clk 1:19:16]} 10. O-O {[%clk 1:26:18]} Nbd7
{[%clk 1:12:18]} 11. h3 {[%clk 1:14:50]} h5 {[%clk 1:04:52]} 12. Qf3
{[%clk 1:06:50]} h4 {[%clk 0:52:17]} 13. Nf5 {[%clk 1:06:10]} Bxf5
{[%clk 0:50:45]} 14. Qxf5 {[%clk 1:02:24]} Nc5 {[%clk 0:46:22]} 15. Nd5
{[%clk 0:59:09]} Nxd5 {[%clk 0:44:32]} 16. exd5 {[%clk 0:59:25]} g6
{[%clk 0:44:16]} 17. Qf3 {[%clk 0:58:22]} Bg5 {[%clk 0:39:30]} 18. Qg4
{[%clk 0:55:44]} Bxc1 {[%clk 0:35:50]} 19. Raxc1 {[%clk 0:55:48]} Qd7
{[%clk 0:33:40]} 20. Qg5 {[%clk 0:51:48]} Qe7 {[%clk 0:33:10]} 21. Qg4
{[%clk 0:49:59]} Qd7 {[%clk 0:28:39]} 22. Qg5 {[%clk 0:49:33]} Qe7
{[%clk 0:27:28]} 23. Qg4 {[%clk 0:48:43]} O-O {[%clk 0:21:52]} 24. b4
{[%clk 0:47:01]} Nd7 {[%clk 0:22:04]} 25. f4 {[%clk 0:45:04]} Nf6
{[%clk 0:19:15]} 26. Qxh4 {[%clk 0:44:11]} Nxd5 {[%clk 0:17:57]} 27. Qxe7
{[%clk 0:41:08]} Nxe7 {[%clk 0:18:24]} 28. fxe5 {[%clk 0:39:15]} dxe5
{[%clk 0:18:53]} 29. Rfe1 {[%clk 0:38:50]} f6 {[%clk 0:18:35]} 30. c4
{[%clk 0:37:43]} bxc4 {[%clk 0:14:54]} 31. Bxc4+ {[%clk 0:37:46]} Kg7
{[%clk 0:15:04]} 32. Be6 {[%clk 0:37:40]} Ra7 {[%clk 0:14:14]} 33. Rcd1
{[%clk 0:36:16]} Nc6 {[%clk 0:13:41]} 34. Rd6 {[%clk 0:35:54]} Nd4
{[%clk 0:13:46]} 35. Bc4 {[%clk 0:33:11]} Nc2 {[%clk 0:09:58]} 36. Rc1
{[%clk 0:32:57]} Nd4 {[%clk 0:09:51]} 37. Rb1 {[%clk 0:31:46]} Rfa8
{[%clk 0:09:47]} 38. a4 {[%clk 0:31:10]} Nf5 {[%clk 0:05:48]} 39. Rb6
{[%clk 0:30:21]} Ne3 {[%clk 0:06:00]} 40. Bd3 {[%clk 0:27:38]} f5
{[%clk 0:05:07]} 41. Kf2 {[%clk 0:24:17]} Nd5 {[%clk 0:05:18]} 42. Rd6
{[%clk 0:24:31]} Nc3 {[%clk 0:04:50]} 43. Rc1 {[%clk 0:24:20]} Rc7
{[%clk 0:04:48]} 44. Re1 {[%clk 0:23:49]} e4 {[%clk 0:03:12]} 45. Bxa6
{[%clk 0:22:14]} Nxa4 {[%clk 0:03:18]} 46. b5 {[%clk 0:20:47]} Rb8
{[%clk 0:03:17]} 47. g4 {[%clk 0:17:31]} Rf7 {[%clk 0:01:54]} 48. g5
{[%clk 0:15:04]} Nc5 {[%clk 0:01:54]} 49. Ke3 {[%clk 0:14:45]} Nd3
{[%clk 0:01:18]} 50. Rb1 {[%clk 0:15:01]} Re7 {[%clk 0:01:31]} 51. b6
{[%clk 0:14:16]} Nc5 {[%clk 0:01:31]} 52. Bf1 {[%clk 0:13:59]} Nb7
{[%clk 0:01:00]} 53. Rc6 {[%clk 0:13:39]} Rf8 {[%clk 0:01:19]} 54. Rc7
{[%clk 0:13:24]} f4+ {[%clk 0:01:40]} 55. Kd4 {[%clk 0:13:36]} Rd8+
{[%clk 0:01:45]} 56. Kc3 {[%clk 0:13:33]} Rdd7 {[%clk 0:01:46]} 57. Rxd7
{[%clk 0:08:45]} Rxd7 {[%clk 0:02:15]} 58. Re1 {[%clk 0:09:06]} Nd6
{[%clk 0:01:26]} 59. Ba6 {[%clk 0:07:39]} f3 {[%clk 0:01:10]} 60. Rb1
{[%clk 0:06:09]} e3 {[%clk 0:00:40]} 61. b7 {[%clk 0:05:42]} Ne4+
{[%clk 0:00:40]} 62. Kb4 {[%clk 0:04:30]} Rd8 {[%clk 0:00:45]} 63. Ka5
{[%clk 0:03:24]} e2 {[%clk 0:00:41]} 64. Rc1 {[%clk 0:01:03]} Nc3
{[%clk 0:00:44]} 65. Kb6 {[%clk 0:00:40]} Nd1 {[%clk 0:00:34]} 66. Rc7+
{[%clk 0:00:38]} Kf8 {[%clk 0:00:51]} 67. Rc8 {[%clk 0:00:52]} e1=Q
{[%clk 0:01:10]} 68. Rxd8+ {[%clk 0:01:16]} Ke7 {[%clk 0:01:37]} 69. b8=Q
{[%clk 0:01:29]} Qe3+ {[%clk 0:01:43]} 70. Kc6 {[%clk 0:01:02]} Qc3+
{[%clk 0:01:46]} 71. Kb6 {[%clk 0:01:05]} Qe3+ {[%clk 0:02:10]} 72. Kb5
{[%clk 0:00:47]} Qb3+ {[%clk 0:02:09]} 73. Kc5 {[%clk 0:01:08]} Qa3+
{[%clk 0:02:24]} 74. Kb6 {[%clk 0:00:39]} Qe3+ {[%clk 0:02:50]} 75. Kc6
{[%clk 0:00:44]} Qc3+ {[%clk 0:03:04]} 76. Kb6 {[%clk 0:01:00]} 1/2-1/2

[Event "EYCC 2024 - G14"]
[Site "?"]
[Date "2024.08.31"]
[Round "9.3"]
[White "Kuznecova, Marija"]
[Black "Krkyasharyan, Sona"]
[Result "0-1"]
[BlackElo "1884"]
[WhiteElo "2174"]
[LiveChessVersion "1.4.8"]

1. e4 {[%clk 1:30:58]} c5 {[%clk 1:30:57]} 2. Nf3 {[%clk 1:31:19]} d6
{[%clk 1:31:24]} 3. d4 {[%clk 1:31:37]} cxd4 {[%clk 1:31:49]} 4. Nxd4
{[%clk 1:32:00]} Nf6 {[%clk 1:32:15]} 5. Nc3 {[%clk 1:32:17]} a6 {[%clk 1:32:39]}
6. h3 {[%clk 1:32:37]} e5 {[%clk 1:33:00]} 7. Nf3 {[%clk 1:33:00]} Be7
{[%clk 1:33:19]} 8. g4 {[%clk 1:33:17]} h6 {[%clk 1:33:36]} 9. Rg1
{[%clk 1:33:41]} b5 {[%clk 1:32:59]} 10. g5 {[%clk 1:32:10]} hxg5
{[%clk 1:32:58]} 11. Nxg5 {[%clk 1:32:25]} Bb7 {[%clk 1:27:57]} 12. Be3
{[%clk 1:28:22]} Nbd7 {[%clk 1:26:22]} 13. a4 {[%clk 1:26:23]} b4
{[%clk 1:25:09]} 14. Bc4 {[%clk 1:25:50]} Rf8 {[%clk 1:19:47]} 15. Nd5
{[%clk 1:25:25]} Bxd5 {[%clk 1:13:08]} 16. Bxd5 {[%clk 1:24:25]} Nxd5
{[%clk 1:13:25]} 17. Qxd5 {[%clk 1:24:44]} Rc8 {[%clk 1:13:27]} 18. Qb3
{[%clk 1:24:06]} Qc7 {[%clk 1:06:55]} 19. O-O-O {[%clk 1:20:41]} Nc5
{[%clk 1:01:33]} 20. Bxc5 {[%clk 1:16:32]} Qxc5 {[%clk 1:01:57]} 21. Kb1
{[%clk 1:00:04]} Qc4 {[%clk 1:00:07]} 22. Rd5 {[%clk 0:53:53]} Qxb3
{[%clk 0:53:06]} 23. cxb3 {[%clk 0:54:16]} g6 {[%clk 0:53:05]} 24. Nf3
{[%clk 0:49:49]} f5 {[%clk 0:44:27]} 25. Nd2 {[%clk 0:48:54]} Kf7
{[%clk 0:35:21]} 26. Rd3 {[%clk 0:43:38]} Rg8 {[%clk 0:31:07]} 27. Rf3
{[%clk 0:39:43]} Ke6 {[%clk 0:31:29]} 28. Rxg6+ {[%clk 0:35:46]} Rxg6
{[%clk 0:31:41]} 29. exf5+ {[%clk 0:36:12]} Kf7 {[%clk 0:31:50]} 30. fxg6+
{[%clk 0:36:34]} Kxg6 {[%clk 0:32:19]} 31. Nc4 {[%clk 0:35:29]} Rf8
{[%clk 0:29:26]} 32. Rg3+ {[%clk 0:29:43]} Kf5 {[%clk 0:27:53]} 33. a5
{[%clk 0:29:01]} Ke6 {[%clk 0:27:27]} 34. f3 {[%clk 0:27:23]} d5 {[%clk 0:27:13]}
35. Ne3 {[%clk 0:27:28]} Bh4 {[%clk 0:24:35]} 36. Rg6+ {[%clk 0:23:42]} Rf6
{[%clk 0:24:53]} 37. Rg4 {[%clk 0:19:57]} Rxf3 {[%clk 0:21:40]} 38. Rxh4
{[%clk 0:17:41]} Rxe3 {[%clk 0:22:04]} 39. Rxb4 {[%clk 0:16:42]} d4
{[%clk 0:21:45]} 40. Rb6+ {[%clk 0:15:52]} Kd5 {[%clk 0:20:50]} 41. Kc2
{[%clk 0:14:16]} Re2+ {[%clk 0:19:27]} 42. Kc1 {[%clk 0:13:54]} d3
{[%clk 0:19:05]} 43. Rxa6 {[%clk 0:13:00]} e4 {[%clk 0:18:58]} 44. Ra8
{[%clk 0:12:39]} e3 {[%clk 0:18:31]} 45. Rd8+ {[%clk 0:12:15]} Ke4
{[%clk 0:18:55]} 46. Kb1 {[%clk 0:12:16]} Re1+ {[%clk 0:18:54]} 47. Ka2
{[%clk 0:12:42]} d2 {[%clk 0:19:19]} 0-1

[Event "EYCC 2024 - G14"]
[Site "?"]
[Date "2024.08.31"]
[Round "9.4"]
[White "Jimenez Carrazoni, Marta Elena"]
[Black "Mgeladze, Kesaria"]
[Result "0-1"]
[BlackElo "2152"]
[WhiteElo "1946"]
[LiveChessVersion "1.4.8"]

1. d4 {[%clk 1:30:56]} Nf6 {[%clk 1:30:56]} 2. c4 {[%clk 1:31:21]} c5
{[%clk 1:31:23]} 3. Nf3 {[%clk 1:31:36]} cxd4 {[%clk 1:28:12]} 4. Nxd4
{[%clk 1:31:58]} e5 {[%clk 1:25:40]} 5. Nb5 {[%clk 1:32:12]} d6 {[%clk 1:25:19]}
6. g3 {[%clk 1:25:09]} Be6 {[%clk 1:24:50]} 7. Bg2 {[%clk 1:20:01]} Nc6
{[%clk 1:24:25]} 8. b3 {[%clk 1:19:34]} a6 {[%clk 1:22:47]} 9. N5c3
{[%clk 1:19:09]} Be7 {[%clk 1:22:23]} 10. O-O {[%clk 1:19:11]} O-O
{[%clk 1:22:29]} 11. Bb2 {[%clk 1:14:18]} Rc8 {[%clk 1:19:48]} 12. e4
{[%clk 1:12:00]} Nd4 {[%clk 1:08:54]} 13. Nd5 {[%clk 1:07:10]} Nxd5
{[%clk 1:08:54]} 14. exd5 {[%clk 1:03:29]} Bf5 {[%clk 1:08:16]} 15. Bxd4
{[%clk 0:51:37]} exd4 {[%clk 1:08:41]} 16. g4 {[%clk 0:50:02]} Bd7
{[%clk 1:05:57]} 17. f4 {[%clk 0:42:14]} b5 {[%clk 1:04:16]} 18. Nd2
{[%clk 0:41:09]} Qa5 {[%clk 0:53:43]} 19. a3 {[%clk 0:35:47]} Bxg4
{[%clk 0:50:42]} 20. Qxg4 {[%clk 0:31:06]} Qxd2 {[%clk 0:51:06]} 21. Qd7
{[%clk 0:23:06]} Bf6 {[%clk 0:48:30]} 22. Kh1 {[%clk 0:17:25]} Rfd8
{[%clk 0:45:55]} 23. Qf5 {[%clk 0:13:52]} Be7 {[%clk 0:32:04]} 24. Qe4
{[%clk 0:10:45]} Bf8 {[%clk 0:28:49]} 25. Rad1 {[%clk 0:04:50]} Qb2
{[%clk 0:28:38]} 26. Qxd4 {[%clk 0:04:16]} Qxb3 {[%clk 0:26:23]} 27. cxb5
{[%clk 0:04:12]} axb5 {[%clk 0:26:15]} 28. Rb1 {[%clk 0:03:37]} Qxa3
{[%clk 0:26:11]} 29. Rxb5 {[%clk 0:03:55]} Rc2 {[%clk 0:25:52]} 30. Be4
{[%clk 0:03:58]} Qh3 {[%clk 0:23:59]} 31. Qg1 {[%clk 0:03:43]} Rxh2+
{[%clk 0:24:23]} 32. Qxh2 {[%clk 0:04:03]} Qxf1+ {[%clk 0:24:50]} 33. Qg1
{[%clk 0:04:19]} Qxb5 {[%clk 0:25:15]} 34. Qh2 {[%clk 0:04:20]} Qf1+
{[%clk 0:25:39]} 0-1

[Event "EYCC 2024 - G14"]
[Site "?"]
[Date "2024.08.31"]
[Round "9.5"]
[White "Bashirli, Saadat"]
[Black "Skramstad, Oda Kofoed"]
[Result "1-0"]
[BlackElo "1980"]
[WhiteElo "1894"]
[LiveChessVersion "1.4.8"]

1. d4 {[%clk 1:30:57]} Nf6 {[%clk 1:30:28]} 2. c4 {[%clk 1:31:18]} g6
{[%clk 1:30:44]} 3. Nc3 {[%clk 1:31:41]} Bg7 {[%clk 1:31:01]} 4. e4
{[%clk 1:32:03]} d6 {[%clk 1:31:24]} 5. f3 {[%clk 1:32:27]} O-O {[%clk 1:31:15]}
6. Nge2 {[%clk 1:32:51]} c5 {[%clk 1:22:45]} 7. Be3 {[%clk 1:33:11]} cxd4
{[%clk 1:16:34]} 8. Nxd4 {[%clk 1:33:27]} Nc6 {[%clk 1:16:53]} 9. Qd2
{[%clk 1:32:11]} a6 {[%clk 1:12:13]} 10. Be2 {[%clk 1:30:57]} Re8
{[%clk 1:06:52]} 11. O-O {[%clk 1:28:55]} Nxd4 {[%clk 0:58:21]} 12. Bxd4
{[%clk 1:29:13]} Bd7 {[%clk 0:56:36]} 13. a4 {[%clk 1:27:23]} b6 {[%clk 0:53:41]}
14. Rfd1 {[%clk 1:20:59]} e5 {[%clk 0:47:46]} 15. Be3 {[%clk 1:19:33]} Re6
{[%clk 0:48:00]} 16. Qc2 {[%clk 1:15:29]} Bc6 {[%clk 0:46:10]} 17. b4
{[%clk 0:56:23]} Qc7 {[%clk 0:41:01]} 18. a5 {[%clk 0:51:14]} bxa5
{[%clk 0:32:31]} 19. Rxa5 {[%clk 0:51:18]} Nd7 {[%clk 0:32:33]} 20. Qa2
{[%clk 0:50:00]} Qc8 {[%clk 0:29:47]} 21. Ra1 {[%clk 0:48:02]} Bb7
{[%clk 0:25:43]} 22. Nd5 {[%clk 0:43:43]} Re8 {[%clk 0:24:44]} 23. Nc3
{[%clk 0:42:16]} Bf8 {[%clk 0:24:00]} 24. Qb2 {[%clk 0:36:57]} Be7
{[%clk 0:21:32]} 25. Nd5 {[%clk 0:31:22]} Bd8 {[%clk 0:20:43]} 26. R5a3
{[%clk 0:31:51]} Kg7 {[%clk 0:17:30]} 27. Qd2 {[%clk 0:30:52]} Kg8
{[%clk 0:16:24]} 28. Kf1 {[%clk 0:24:42]} Re6 {[%clk 0:15:01]} 29. Bd3
{[%clk 0:21:53]} Kh8 {[%clk 0:12:28]} 30. Qb2 {[%clk 0:20:57]} Kg8
{[%clk 0:11:46]} 31. Ke2 {[%clk 0:20:32]} Re8 {[%clk 0:10:35]} 32. Qa2
{[%clk 0:19:46]} Re6 {[%clk 0:09:17]} 33. Rc1 {[%clk 0:17:56]} Kg7
{[%clk 0:08:37]} 34. Qd2 {[%clk 0:16:09]} Kg8 {[%clk 0:08:35]} 35. Bb1
{[%clk 0:14:46]} Bc6 {[%clk 0:06:00]} 36. Kf2 {[%clk 0:13:48]} Qb8
{[%clk 0:05:14]} 37. Bd3 {[%clk 0:12:56]} Qc8 {[%clk 0:05:02]} 38. Rca1
{[%clk 0:12:34]} Bb7 {[%clk 0:05:09]} 39. g3 {[%clk 0:12:27]} Re8
{[%clk 0:04:54]} 40. Qe2 {[%clk 0:12:28]} Re6 {[%clk 0:04:18]} 41. Rc1
{[%clk 0:11:29]} Re8 {[%clk 0:03:52]} 42. Bd2 {[%clk 0:10:20]} Re6
{[%clk 0:02:08]} 43. Kg2 {[%clk 0:10:25]} Re8 {[%clk 0:02:31]} 44. Rca1
{[%clk 0:10:02]} Re6 {[%clk 0:02:43]} 45. Bc3 {[%clk 0:09:47]} Qc6
{[%clk 0:01:46]} 46. Qa2 {[%clk 0:08:29]} Qc8 {[%clk 0:01:51]} 47. Be2
{[%clk 0:07:36]} Kf8 {[%clk 0:00:45]} 48. b5 {[%clk 0:05:56]} Nc5
{[%clk 0:00:59]} 49. Bb4 {[%clk 0:06:14]} Kg7 {[%clk 0:00:55]} 50. Bf1
{[%clk 0:05:35]} g5 {[%clk 0:01:00]} 51. Ne3 {[%clk 0:05:19]} Rf6
{[%clk 0:00:55]} 52. Nf5+ {[%clk 0:03:39]} Kh8 {[%clk 0:01:24]} 53. Bxc5
{[%clk 0:02:42]} Qxc5 {[%clk 0:01:17]} 54. bxa6 {[%clk 0:02:44]} Bc8
{[%clk 0:01:34]} 55. Bd3 {[%clk 0:02:24]} Bb6 {[%clk 0:01:49]} 56. Qd2
{[%clk 0:02:08]} h6 {[%clk 0:01:09]} 57. g4 {[%clk 0:02:11]} Ra7 {[%clk 0:01:04]}
58. R3a2 {[%clk 0:01:47]} Kh7 {[%clk 0:01:22]} 59. h4 {[%clk 0:01:22]} gxh4
{[%clk 0:01:14]} 60. Rh1 {[%clk 0:00:52]} h3+ {[%clk 0:01:07]} 61. Kxh3
{[%clk 0:00:58]} Ra8 {[%clk 0:00:42]} 62. Kg3 {[%clk 0:01:10]} Bxf5
{[%clk 0:00:50]} 63. exf5 {[%clk 0:01:15]} Qe3 {[%clk 0:00:34]} 64. Qxe3
{[%clk 0:00:44]} Bxe3 {[%clk 0:01:02]} 65. Rb1 {[%clk 0:00:47]} Kg7
{[%clk 0:00:34]} 66. Rb7 {[%clk 0:01:00]} h5 {[%clk 0:00:31]} 67. gxh5
{[%clk 0:00:55]} Rh6 {[%clk 0:00:55]} 68. a7 {[%clk 0:00:50]} Rxh5
{[%clk 0:01:08]} 69. f4 {[%clk 0:00:35]} Bxf4+ {[%clk 0:00:45]} 70. Kg4
{[%clk 0:00:35]} Rhh8 {[%clk 0:00:32]} 71. Be4 {[%clk 0:00:39]} Kf6
{[%clk 0:00:44]} 72. Rg2 {[%clk 0:00:41]} Be3 {[%clk 0:00:48]} 73. Rd7
{[%clk 0:00:41]} Rxa7 {[%clk 0:00:52]} 74. Rxd6+ Ke7 {[%clk 0:01:21]} 75. Rd5
{[%clk 0:00:51]} Bf4 {[%clk 0:01:15]} 76. Rb2 {[%clk 0:00:42]} Rg8+
{[%clk 0:00:36]} 77. Kf3 {[%clk 0:00:59]} Ra3+ {[%clk 0:00:56]} 78. Kf2
{[%clk 0:00:53]} Ra7 {[%clk 0:01:05]} 79. Rdb5 {[%clk 0:01:01]} Rc7
{[%clk 0:00:39]} 80. Rb7 {[%clk 0:01:05]} Rgc8 {[%clk 0:00:54]} 81. c5
{[%clk 0:01:18]} Bg5 {[%clk 0:00:32]} 82. c6 {[%clk 0:00:43]} Kd6
{[%clk 0:00:31]} 83. R2b3 {[%clk 0:00:51]} Rxb7 {[%clk 0:00:54]} 84. cxb7
{[%clk 0:00:38]} Rb8 {[%clk 0:01:20]} 85. Rc3 {[%clk 0:01:00]} Kd7
{[%clk 0:01:30]} 86. Kf3 {[%clk 0:01:08]} Be7 {[%clk 0:01:34]} 87. Bd5
{[%clk 0:01:17]} Bd6 {[%clk 0:01:26]} 88. Ke4 {[%clk 0:01:35]} f6
{[%clk 0:00:54]} 89. Rg3 {[%clk 0:01:37]} Be7 {[%clk 0:00:48]} 90. Kd3
{[%clk 0:01:10]} Kd6 {[%clk 0:00:42]} 91. Kc4 {[%clk 0:01:23]} Rh8
{[%clk 0:00:49]} 92. Rg7 {[%clk 0:01:14]} Rb8 {[%clk 0:00:49]} 93. Be4
{[%clk 0:01:05]} Bf8 {[%clk 0:00:36]} 94. Rf7 {[%clk 0:01:12]} Be7
{[%clk 0:00:41]} 95. Kb5 {[%clk 0:01:24]} Bd8 {[%clk 0:00:40]} 96. Ka6
{[%clk 0:01:34]} Bc7 {[%clk 0:00:47]} 97. Rxf6+ {[%clk 0:01:44]} Ke7
{[%clk 0:01:02]} 98. Re6+ {[%clk 0:02:03]} Kf7 {[%clk 0:01:27]} 99. Rc6
{[%clk 0:02:21]} 1-0

[Event "EYCC 2024 - G14"]
[Site "?"]
[Date "2024.08.31"]
[Round "9.6"]
[White "Bernard, Ines"]
[Black "Siskou, Evangelia"]
[Result "1-0"]
[BlackElo "1932"]
[WhiteElo "2005"]
[LiveChessVersion "1.4.8"]

1. d4 {[%clk 1:30:55]} d5 {[%clk 1:30:53]} 2. Bf4 {[%clk 1:31:22]} Nf6
{[%clk 1:31:15]} 3. e3 {[%clk 1:31:50]} e6 {[%clk 1:31:38]} 4. Nf3
{[%clk 1:32:17]} c5 {[%clk 1:32:02]} 5. Nbd2 {[%clk 1:32:44]} Nc6
{[%clk 1:32:22]} 6. c3 {[%clk 1:33:10]} Bd6 {[%clk 1:32:42]} 7. Bg3
{[%clk 1:33:38]} O-O {[%clk 1:33:02]} 8. Bb5 {[%clk 1:34:06]} Be7
{[%clk 1:32:48]} 9. Bd3 {[%clk 1:29:55]} b6 {[%clk 1:27:51]} 10. Qe2
{[%clk 1:26:36]} Bb7 {[%clk 1:26:18]} 11. O-O {[%clk 1:24:53]} Nh5
{[%clk 1:22:40]} 12. Rad1 {[%clk 1:16:27]} Nxg3 {[%clk 1:22:13]} 13. hxg3
{[%clk 1:16:48]} Qc7 {[%clk 1:20:37]} 14. a3 {[%clk 1:11:59]} e5 {[%clk 1:15:56]}
15. e4 {[%clk 1:08:34]} dxe4 {[%clk 1:10:28]} 16. Qxe4 {[%clk 1:05:59]} f5
{[%clk 1:09:17]} 17. Qd5+ {[%clk 1:02:26]} Kh8 {[%clk 1:05:04]} 18. Nxe5
{[%clk 0:59:59]} Nxe5 {[%clk 0:49:47]} 19. Qxe5 {[%clk 1:00:05]} Bd6
{[%clk 0:50:10]} 20. Qe2 {[%clk 0:55:19]} Rae8 {[%clk 0:46:13]} 21. Qh5
{[%clk 0:53:15]} Re6 {[%clk 0:44:08]} 22. f4 {[%clk 0:40:20]} g6 {[%clk 0:38:14]}
23. Qh3 {[%clk 0:32:23]} cxd4 {[%clk 0:25:11]} 24. cxd4 {[%clk 0:30:18]} Qg7
{[%clk 0:25:14]} 25. Nc4 {[%clk 0:18:00]} Qxd4+ {[%clk 0:24:01]} 26. Kh2
{[%clk 0:18:27]} Qg7 {[%clk 0:21:10]} 27. Rfe1 {[%clk 0:17:01]} Rxe1
{[%clk 0:18:33]} 28. Rxe1 {[%clk 0:17:24]} Qd4 {[%clk 0:17:34]} 29. Nxd6
{[%clk 0:14:13]} Qxd6 {[%clk 0:18:03]} 30. Qh6 {[%clk 0:10:16]} Be4
{[%clk 0:08:39]} 31. Bxe4 {[%clk 0:04:47]} Re8 {[%clk 0:08:07]} 32. Rf1
{[%clk 0:05:11]} fxe4 {[%clk 0:07:48]} 33. f5 {[%clk 0:03:36]} Qf6
{[%clk 0:04:03]} 34. fxg6 {[%clk 0:03:40]} Qxg6 {[%clk 0:03:57]} 35. Rf8+
{[%clk 0:04:07]} Rxf8 {[%clk 0:04:26]} 36. Qxf8+ {[%clk 0:04:36]} Qg8
{[%clk 0:04:55]} 37. Qf6+ {[%clk 0:04:46]} Qg7 {[%clk 0:05:23]} 38. Qd8+
{[%clk 0:05:11]} Qg8 {[%clk 0:05:45]} 39. Qd4+ {[%clk 0:05:36]} Qg7
{[%clk 0:06:12]} 40. Qxe4 {[%clk 0:05:27]} Qxb2 {[%clk 0:06:08]} 41. Qe8+
{[%clk 0:05:26]} Kg7 {[%clk 0:06:30]} 42. Qe7+ {[%clk 0:05:46]} Kg6
{[%clk 0:06:41]} 43. Qxa7 {[%clk 0:05:41]} Qb5 {[%clk 0:06:45]} 44. Qe7
{[%clk 0:05:56]} Qc5 {[%clk 0:05:36]} 45. Qe4+ {[%clk 0:05:46]} Kg7
{[%clk 0:05:34]} 46. a4 {[%clk 0:06:13]} Qh5+ {[%clk 0:04:24]} 47. Qh4
{[%clk 0:06:37]} Qa5 {[%clk 0:04:45]} 48. Kh3 {[%clk 0:05:30]} Kg6
{[%clk 0:02:39]} 49. Qe4+ {[%clk 0:04:44]} Kh6 {[%clk 0:02:19]} 50. g4
{[%clk 0:04:49]} Kg5 {[%clk 0:01:19]} 51. g3 {[%clk 0:03:46]} Qc5
{[%clk 0:00:55]} 52. Qxh7 {[%clk 0:03:49]} Qc4 {[%clk 0:00:45]} 53. Qg7# 1-0

[Event "EYCC 2024 - G14"]
[Site "?"]
[Date "2024.08.31"]
[Round "9.7"]
[White "Beber, Anja"]
[Black "Aghaverdiyeva, Maryam"]
[Result "1/2-1/2"]
[BlackElo "1972"]
[WhiteElo "1877"]
[LiveChessVersion "1.4.8"]

1. Nf3 {[%clk 1:30:56]} d5 {[%clk 1:30:54]} 2. c4 {[%clk 1:31:18]} d4
{[%clk 1:30:29]} 3. b4 {[%clk 1:31:40]} Bg4 {[%clk 1:25:44]} 4. Qb3
{[%clk 1:31:52]} Nc6 {[%clk 1:23:44]} 5. a3 {[%clk 1:29:36]} e5 {[%clk 1:22:04]}
6. h3 {[%clk 1:25:51]} Be6 {[%clk 1:21:09]} 7. d3 {[%clk 1:26:04]} f6
{[%clk 1:20:41]} 8. Nbd2 {[%clk 1:23:35]} Nge7 {[%clk 1:14:26]} 9. Bb2
{[%clk 1:21:40]} a5 {[%clk 1:08:27]} 10. b5 {[%clk 1:16:50]} Nb8 {[%clk 1:05:33]}
11. Ne4 {[%clk 1:13:20]} Nd7 {[%clk 0:58:20]} 12. Qc2 {[%clk 1:07:25]} Nf5
{[%clk 0:55:49]} 13. g3 {[%clk 1:03:14]} Nc5 {[%clk 0:53:16]} 14. Nfd2
{[%clk 1:01:32]} Nxe4 {[%clk 0:47:29]} 15. Nxe4 {[%clk 1:01:56]} Nd6
{[%clk 0:47:52]} 16. Nc5 {[%clk 1:01:13]} Bf7 {[%clk 0:48:04]} 17. Bg2
{[%clk 1:01:22]} Ra7 {[%clk 0:45:17]} 18. O-O {[%clk 0:59:48]} Be7
{[%clk 0:44:03]} 19. Nb3 {[%clk 0:55:43]} O-O {[%clk 0:42:21]} 20. a4
{[%clk 0:55:51]} b6 {[%clk 0:38:54]} 21. Ba3 {[%clk 0:55:17]} Nb7
{[%clk 0:37:36]} 22. c5 {[%clk 0:54:55]} Kh8 {[%clk 0:36:36]} 23. cxb6
{[%clk 0:49:27]} cxb6 {[%clk 0:36:42]} 24. Nd2 {[%clk 0:49:08]} Bxa3
{[%clk 0:34:58]} 25. Rxa3 {[%clk 0:49:30]} Nc5 {[%clk 0:34:47]} 26. Rc1
{[%clk 0:48:06]} Qe7 {[%clk 0:33:17]} 27. Raa1 {[%clk 0:46:09]} Rc7
{[%clk 0:32:06]} 28. Nc4 {[%clk 0:43:09]} Bxc4 {[%clk 0:27:46]} 29. Qxc4
{[%clk 0:43:29]} Rfc8 {[%clk 0:26:17]} 30. Bc6 {[%clk 0:42:43]} Qe6
{[%clk 0:20:46]} 31. Kg2 {[%clk 0:40:24]} Qxc4 {[%clk 0:20:37]} 1/2-1/2

[Event "EYCC 2024 - G14"]
[Site "?"]
[Date "2024.08.31"]
[Round "9.8"]
[White "Sickmann, Lisa"]
[Black "Ashotia, Barbare"]
[Result "1/2-1/2"]
[BlackElo "1724"]
[WhiteElo "1964"]
[LiveChessVersion "1.4.8"]

1. e4 {[%clk 1:30:58]} c5 {[%clk 1:30:52]} 2. Nf3 {[%clk 1:31:25]} e6
{[%clk 1:31:04]} 3. Be2 {[%clk 1:31:50]} Nc6 {[%clk 1:30:22]} 4. O-O
{[%clk 1:32:14]} Nf6 {[%clk 1:29:03]} 5. Nc3 {[%clk 1:32:39]} d5 {[%clk 1:28:15]}
6. exd5 {[%clk 1:33:03]} Nxd5 {[%clk 1:28:40]} 7. Nxd5 {[%clk 1:29:53]} Qxd5
{[%clk 1:26:39]} 8. b3 {[%clk 1:16:26]} Be7 {[%clk 1:21:16]} 9. Bb2
{[%clk 1:13:13]} O-O {[%clk 1:21:20]} 10. Bc4 {[%clk 1:12:42]} Qh5
{[%clk 1:18:29]} 11. Qe2 {[%clk 1:08:47]} b6 {[%clk 1:13:34]} 12. Qe3
{[%clk 1:04:29]} Bb7 {[%clk 1:10:54]} 13. Be2 {[%clk 1:01:46]} Qd5
{[%clk 1:08:20]} 14. c4 {[%clk 1:01:51]} Qd8 {[%clk 1:08:09]} 15. Rad1
{[%clk 1:00:44]} Bf6 {[%clk 1:02:43]} 16. d4 {[%clk 1:00:23]} Qe7
{[%clk 1:01:51]} 17. Bc3 {[%clk 0:44:45]} cxd4 {[%clk 0:54:35]} 18. Nxd4
{[%clk 0:45:07]} Nxd4 {[%clk 0:46:20]} 19. Bxd4 {[%clk 0:45:11]} Rfd8
{[%clk 0:46:26]} 20. Be5 {[%clk 0:44:42]} h6 {[%clk 0:39:11]} 21. f4
{[%clk 0:40:17]} Rxd1 {[%clk 0:34:10]} 22. Rxd1 {[%clk 0:40:31]} Rd8
{[%clk 0:34:28]} 23. Rd4 {[%clk 0:30:09]} Bxe5 {[%clk 0:24:59]} 24. Qxe5
{[%clk 0:28:30]} Rxd4 {[%clk 0:23:24]} 25. Qxd4 {[%clk 0:28:50]} Qa3
{[%clk 0:23:12]} 26. Qd8+ {[%clk 0:23:17]} Kh7 {[%clk 0:22:56]} 27. Qd2
{[%clk 0:19:57]} Be4 {[%clk 0:20:17]} 28. Kf1 {[%clk 0:19:30]} Bb1
{[%clk 0:19:13]} 29. Bd3+ {[%clk 0:19:39]} Bxd3+ {[%clk 0:19:40]} 30. Qxd3+
{[%clk 0:20:03]} Kg8 {[%clk 0:19:57]} 31. Qd2 {[%clk 0:20:14]} Qc5
{[%clk 0:18:49]} 32. Qd8+ {[%clk 0:18:12]} Kh7 {[%clk 0:17:19]} 33. Qd3+
{[%clk 0:18:30]} Kg8 {[%clk 0:17:29]} 34. g3 {[%clk 0:18:46]} Qh5
{[%clk 0:17:07]} 35. Qe2 {[%clk 0:18:38]} Qf5 {[%clk 0:15:17]} 36. Qd2
{[%clk 0:18:37]} 1/2-1/2

[Event "EYCC 2024 - G14"]
[Site "?"]
[Date "2024.08.31"]
[Round "9.9"]
[White "Gunasti, Latife Yade"]
[Black "Smietanska, Wiktoria"]
[Result "0-1"]
[BlackElo "2143"]
[WhiteElo "1704"]
[LiveChessVersion "1.4.8"]

1. d4 {[%clk 1:30:59]} d5 {[%clk 1:30:51]} 2. c4 {[%clk 1:31:22]} e6
{[%clk 1:31:15]} 3. Nf3 {[%clk 1:31:46]} Nf6 {[%clk 1:31:40]} 4. cxd5
{[%clk 1:31:51]} exd5 {[%clk 1:31:49]} 5. Qc2 {[%clk 1:31:51]} Bd6
{[%clk 1:28:31]} 6. Nc3 {[%clk 1:30:13]} c6 {[%clk 1:28:07]} 7. e3
{[%clk 1:29:24]} O-O {[%clk 1:27:59]} 8. Bd3 {[%clk 1:28:55]} Re8
{[%clk 1:26:07]} 9. h3 {[%clk 1:24:57]} Nbd7 {[%clk 1:24:33]} 10. Rb1
{[%clk 1:22:30]} Qe7 {[%clk 1:22:42]} 11. a3 {[%clk 1:19:25]} Ne4
{[%clk 1:19:26]} 12. b4 {[%clk 1:12:22]} Ndf6 {[%clk 1:16:36]} 13. Bxe4
{[%clk 1:03:21]} Nxe4 {[%clk 1:14:16]} 14. Nxe4 {[%clk 1:03:36]} dxe4
{[%clk 1:12:23]} 15. Nd2 {[%clk 1:02:15]} Qg5 {[%clk 1:11:46]} 16. Kf1
{[%clk 0:59:26]} Re6 {[%clk 1:08:39]} 17. Rb2 {[%clk 0:52:24]} Rg6
{[%clk 0:59:44]} 18. Qxe4 {[%clk 0:48:53]} Bf5 {[%clk 0:48:12]} 19. h4
{[%clk 0:42:41]} Qh5 {[%clk 0:47:04]} 20. Qf3 {[%clk 0:41:26]} Bg4
{[%clk 0:47:21]} 21. Qe4 {[%clk 0:40:34]} Bh3 {[%clk 0:44:17]} 0-1